| 000 | 00898nam a2200289 a 4500 | ||
|---|---|---|---|
| 001 | 24685 | ||
| 003 | BD-RjUL | ||
| 005 | 20211209001102.0 | ||
| 008 | 140315s1995 enkb b 000 0 eng | ||
| 020 | _a0415127106 | ||
| 035 | _a(BD-RjUL)24754 | ||
| 040 |
_aDLC _cDLC _dDLC _dBD-RjUL _beng |
||
| 041 | _aeng | ||
| 082 | 0 | 0 |
_223 _a940.3142 _bHEV 1995 |
| 100 | 1 |
_aHenig, Ruth B. _q(Ruth Beatrice) _975983 |
|
| 245 | 1 | 0 |
_aVersailles and after, 1919-1933 / _cRuth Henig. |
| 250 | _a2nd ed. | ||
| 260 |
_aLondon ; _aNew York : _bRoutledge, _c1995. |
||
| 300 |
_axvi, 78 p. : _bmap ; _c22 cm. |
||
| 504 | _aIncludes bibliographical references (p. 77-78). | ||
| 610 | 2 | 0 |
_aLeague of Nations _9194369 |
| 650 | 0 |
_aWorld War, 1914-1918 _xPeace. _975986 |
|
| 650 | 0 |
_aWorld War, 1914-1918 _zUnited States. _975987 |
|
| 942 |
_2ddc _cBK |
||
| 999 |
_c24685 _d24685 |
||